| 000 | 00576nam a2200181Ia 4500 | ||
|---|---|---|---|
| 008 | 140609s9999 xx 000 0 und d | ||
| 020 | _a9788120328679 | ||
| 050 |
_aHB 615 _b.M697 2005 |
||
| 100 | _aMohanty, Sangram Keshari. | ||
| 245 |
_aFundamentals of entrepreneurship / _cSangram Keshari Mohanty |
||
| 260 |
_aNew Delhi : _bPHI Learning Private Ltd., _cc2005. |
||
| 300 |
_a183 p. ; _c24 cm. |
||
| 500 | _aIncludes glossary, bibliographical references and index. | ||
| 521 | _aBSBA | ||
| 650 |
_aBusiness enterprises _xIndia. |
||
| 942 |
_kFOR _cBK |
||
| 999 |
_c117937 _d117937 |
||